Terraria/Calamity ores/bars that are actually real (Sudden Death) - Statistics

General Stats
  • This quiz has been taken 62 times
  • The average score is 10 of 13
Answers on the Grid
Answers color-coded by a green-red scale on the quiz's grid according to % correct below.
Copper
Tin
Iron
Lead
Silver
Tungsten
Gold
Platinum
Demonite
Crimtane
Obsidian
Hellstone
Cobalt
Palladium
Mythril
Orichalcum
Adamantite
Titanium
Hallowed
Chlorophyte
Shroomite
Spectre
Luminite
Aerialite
Cryonic
Perennial
Scoria
Astral
Uelibloom
Cosmilite
Auric
Shadowspec
 
Answer Stats
Answer % Correct
Copper
100%
Gold
100%
Iron
100%
Lead
100%
Platinum
100%
Silver
100%
Tin
100%
Tungsten
95%
Cobalt
50%
Obsidian
41%
Titanium
41%
Palladium
32%
Scoria
0%
No matching quizzes found
Score Distribution
Percent of People with Each Score
Percentile by Number Answered
Your Score History
You have not taken this quiz